Hoá học dầu mỏ và khí

Spremljeno u:
Bibliografski detalji
Glavni autor: Đinh, Thị Ngọ
Format: Knjiga
Jezik:Undetermined
Izdano: Hà Nội Khoa học kỹ thuật 2004
Teme:
Oznake: Dodaj oznaku
Bez oznaka, Budi prvi tko označuje ovaj zapis!
Thư viện lưu trữ: Trung tâm Học liệu Trường Đại học Cần Thơ
LEADER 00522nam a2200193Ia 4500
001 CTU_63181
008 210402s9999 xx 000 0 und d
020 |b 27000 
082 |a 547.83 
082 |b Ng400 
100 |a Đinh, Thị Ngọ 
245 0 |a Hoá học dầu mỏ và khí 
245 0 |c Đinh Thị Ngọ 
260 |a Hà Nội 
260 |b Khoa học kỹ thuật 
260 |c 2004 
650 |a Petroleum Chemicals 
904 |i Năm 
980 |a Trung tâm Học liệu Trường Đại học Cần Thơ